| 000 | 00331nam a2200121Ia 4500 | ||
|---|---|---|---|
| 008 | 150201s2007 xx 000 0 und d | ||
| 082 |
_a610.6 _bX07M |
||
| 100 | _aMcCLELLAND, IAN R | ||
| 245 | _aX-RAY EQUIPMENT MAINTENANCE AND REPAIRS WORKBOOK | ||
| 260 |
_bAITBS _aDELHI _c2007 |
||
| 650 | _aRADIOLOGY & DIAGNOSIS | ||
| 942 |
_2ddc _cBK _07 |
||
| 999 |
_c866 _d866 |
||